UM Logo

DOH issues warning on undetected hypertension/ (Record no. 10500)

MARC details
000 -LEADER
fixed length control field 00392nam a2200121 4500
008 - FIXED-LENGTH DATA ELEMENTS--GENERAL INFORMATION
fixed length control field 180903b ||||| |||| 00| 0 eng d
100 ## - MAIN ENTRY--PERSONAL NAME
9 (RLIN) 30817
Personal name Echaluce, Charina Clarisse L.
245 ## - TITLE STATEMENT
Title DOH issues warning on undetected hypertension/
Statement of responsibility, etc. Charina Clarisse L. Echaluce
260 ## - PUBLICATION, DISTRIBUTION, ETC. (IMPRINT)
Place of publication, distribution, etc. Philippines
Name of publisher, distributor, etc. Manila Bulletin
Date of publication, distribution, etc. c2017
300 ## - PHYSICAL DESCRIPTION
Extent page 4.
650 #0 - SUBJECT ADDED ENTRY--TOPICAL TERM
9 (RLIN) 30818
Topical term or geographic name as entry element Hypertension.
942 ## - ADDED ENTRY ELEMENTS (KOHA)
Source of classification or shelving scheme Dewey Decimal Classification
Koha item type Periodicals
Holdings
Withdrawn status Lost status Source of classification or shelving scheme Damaged status Not for loan Collection code Home library Current library Date acquired Total Checkouts Date last seen Price effective from Koha item type Public note
    Dewey Decimal Classification     Periodicals UM Digos College - LIC UM Digos College - LIC 09/03/2018   09/03/2018 09/03/2018 Periodicals Newspaper Clippings